<?xml version="1.0" encoding="UTF-8"?>
<record
    xmlns:xsi="http://www.w3.org/2001/XMLSchema-instance"
    xsi:schemaLocation="http://www.loc.gov/MARC21/slim http://www.loc.gov/standards/marcxml/schema/MARC21slim.xsd"
    xmlns="http://www.loc.gov/MARC21/slim">

  <leader>00422nam a2200145Ia 4500</leader>
  <controlfield tag="008">230411s9999    xx            000 0 und d</controlfield>
  <datafield tag="020" ind1=" " ind2=" ">
    <subfield code="a">978-93-87963-72-10</subfield>
  </datafield>
  <datafield tag="041" ind1=" " ind2=" ">
    <subfield code="a">eng</subfield>
  </datafield>
  <datafield tag="082" ind1=" " ind2=" ">
    <subfield code="a">MS/610.7361/SHA/B09097</subfield>
  </datafield>
  <datafield tag="100" ind1=" " ind2=" ">
    <subfield code="a">Sharma Suresh &amp; Madhavi S</subfield>
  </datafield>
  <datafield tag="245" ind1=" " ind2=" ">
    <subfield code="a">Brunner and Suddarhs Textbook of Medical Surgical Nursing</subfield>
  </datafield>
  <datafield tag="260" ind1=" " ind2=" ">
    <subfield code="b">Wolters Kluwer</subfield>
    <subfield code="a">Haryana</subfield>
    <subfield code="c">2018</subfield>
  </datafield>
  <datafield tag="300" ind1=" " ind2=" ">
    <subfield code="a">2186p</subfield>
  </datafield>
  <datafield tag="999" ind1=" " ind2=" ">
    <subfield code="c">158427</subfield>
    <subfield code="d">158427</subfield>
  </datafield>
  <datafield tag="952" ind1=" " ind2=" ">
    <subfield code="0">0</subfield>
    <subfield code="1">0</subfield>
    <subfield code="4">0</subfield>
    <subfield code="7">0</subfield>
    <subfield code="8">MS</subfield>
    <subfield code="a">BTIN</subfield>
    <subfield code="b">BTIN</subfield>
    <subfield code="d">2019-03-29</subfield>
    <subfield code="e">Patil Medical Book House</subfield>
    <subfield code="g">2399.00</subfield>
    <subfield code="i">10500</subfield>
    <subfield code="l">25</subfield>
    <subfield code="m">13</subfield>
    <subfield code="o">MS 610.7361 SHA B09097</subfield>
    <subfield code="p">BTIN-BK-9097</subfield>
    <subfield code="r">2025-09-02 00:00:00</subfield>
    <subfield code="s">2025-08-26</subfield>
    <subfield code="v">815.66</subfield>
    <subfield code="w">2019-03-29</subfield>
    <subfield code="y">BK</subfield>
    <subfield code="z">B09097</subfield>
  </datafield>
</record>
